[Event "POLFINALY MISTRZOSTW POLSKI JUNIOROW 2021 C-17"]
[Site "Jatrzebia Gora"]
[Date "1899-12-30"]
[Round "7.6"]
[White "Skrzypczynski, Kacper"]
[Black "Strepikowski, Pawel"]
[Result "1/2-1/2"]
[WhiteTitle "I"]
[BlackTitle "I"]
[WhiteElo "1762"]
[BlackElo "1841"]

1. d4 Nf6 2. c4 e6 3. Nf3 Bb4+ 4. Bd2 Qe7 5. a3 Bxd2+ 6. Nbxd2 d6 7. e4 e5 8. d5
O-O 9. g3 a5 10. Bg2 Na6 11. O-O Nc5 12. Qc2 a4 13. Nh4 g6 14. b4 axb3 15. Nxb3
Nxb3 16. Qxb3 Nd7 17. Nf3 Nc5 18. Qc2 f5 19. Nd2 Bd7 20. Qc3 b5 21. Rfc1 Ra4 22.
f3 Qf7 23. Qe3 Rfa8 24. cxb5 Bxb5 25. Bh3 Qf6 26. Rc3 f4 27. Qf2 Qg5 28. Bf1 fxg3
29. hxg3 Bxf1 30. Kxf1 Rf8 31. Re1 Rd4 32. Ree3 Rb8 33. Rc2 Qh6 34. Ke2 Qh1 35.
Qf1 Qh2+ 36. Qf2 Qh3 37. Rec3 Qc8 38. Qe3 Qh3 39. Qf2 Rf8 40. Re3 Qd7 41. Rb2
Qa4 42. Qf1 Ra8 43. Kf2 Rf8 44. Kg2 g5 45. Qe2 h6 46. Nb3 Nxb3 47. Rexb3 Qa5 48.
Rd3 1/2-1/2

[Event "POLFINALY MISTRZOSTW POLSKI JUNIOROW 2021 C-17"]
[Site "Jatrzebia Gora"]
[Date "1899-12-30"]
[Round "7.7"]
[White "Stachecki, Mikolaj"]
[Black "Lenart, Jakub"]
[Result "1-0"]
[WhiteTitle "I+"]
[BlackTitle "I"]
[WhiteElo "1899"]
[BlackElo "1660"]

1. e4 c5 2. Nf3 Nc6 3. d4 cxd4 4. Nxd4 e6 5. Nc3 Qc7 6. Be2 a6 7. O-O Nf6 8. Be3
Bb4 9. Na4 O-O 10. Nxc6 bxc6 11. Nb6 Rb8 12. Nxc8 Rfxc8 13. Bxa6 Rf8 14. Bd3 Bd6
15. g3 Be5 16. a4 Bxb2 17. Ra2 d6 18. a5 Nd7 19. Qd2 Bf6 20. a6 c5 21. Rd1 Ne5
22. Be2 Rfd8 23. Bg5 Bxg5 24. Qxg5 Ra8 25. Rb1 Rdb8 26. Qc1 c4 27. Rab2 Rxb2 28.
Qxb2 Kf8 29. Qa3 Ra7 30. Rb5 Ke8 31. Qb2 c3 32. Qa3 Nd7 33. Rb3 Nc5 34. Rxc3 Qb6
35. Qa1 Kf8 36. Re3 Qb4 37. e5 d5 38. Ra3 Ne4 39. Bd3 Nc5 40. Bf1 Ne4 41. Bg2
Nc5 42. Ra2 Qb6 43. Bf1 Ne4 44. c4 dxc4 45. Bxc4 Nc5 46. Rb2 Qc7 47. Qa3 Ke8 48.
Bb5+ Nd7 49. Rd2 Qxe5 50. Bxd7+ Rxd7 51. Rxd7 Kxd7 52. a7 Qe1+ 53. Kg2 Qe4+ 54.
Qf3 1-0

[Event "POLFINALY MISTRZOSTW POLSKI JUNIOROW 2021 C-17"]
[Site "Jatrzebia Gora"]
[Date "1899-12-30"]
[Round "7.8"]
[White "Haliniak, Wojciech"]
[Black "Wysocki, Mateusz"]
[Result "1-0"]
[WhiteTitle "I"]
[BlackTitle "I+"]
[WhiteElo "1827"]
[BlackElo "1955"]

1. e4 c5 2. Nf3 e6 3. d4 cxd4 4. Nxd4 Nc6 5. Nc3 Qc7 6. Be3 a6 7. Bd3 Nf6 8. O-O
Ne5 9. f4 Neg4 10. Bd2 Bc5 11. Nce2 e5 12. fxe5 Qxe5 13. Bf4 Bxd4+ 14. Kh1 Qc5
15. Nxd4 Qxd4 16. e5 Nf2+ 17. Rxf2 Qxf2 18. exf6 d5 19. Qh5 gxf6 20. Qh6 Rg8 21.
Bg3 Qb6 22. Qxh7 Rf8 23. Re1+ Be6 24. Bf5 Rc8 25. Qg7 Rc6 26. c4 d4 27. Bh4 Qc5
28. Qxf6 Kd7 29. Re5 Qd6 30. Rd5 Qxd5 31. Qe7+ Kc8 32. Qxf8+ Kc7 33. Bg3+ Kd7
34. Qxf7+ Kd8 35. Bh4+ Kc8 36. Bxe6+ Qxe6 37. Qf8+ Kc7 38. Qd8# 1-0

[Event "POLFINALY MISTRZOSTW POLSKI JUNIOROW 2021 C-17"]
[Site "Jatrzebia Gora"]
[Date "1899-12-30"]
[Round "7.9"]
[White "Bartlomowicz, Jakub"]
[Black "Sawicki, Wojciech"]
[Result "1/2-1/2"]
[WhiteTitle "I"]
[BlackTitle "II"]
[WhiteElo "1842"]
[BlackElo "1505"]

1. e4 c6 2. d4 d5 3. Nc3 dxe4 4. Nxe4 Bf5 5. Ng3 Bg6 6. h4 h6 7. Nf3 Nd7 8. h5
Bh7 9. Bd3 Bxd3 10. Qxd3 e6 11. Bd2 Ngf6 12. O-O-O Be7 13. Kb1 O-O 14. Ne4 Nxe4
15. Qxe4 Nf6 16. Qe2 Qd5 17. Be3 a5 18. Ne5 a4 19. g4 a3 20. c4 Qa5 21. b3 Rfc8
22. f4 b5 23. c5 Qc7 24. Bd2 Nd5 25. Qe4 Rf8 26. Rhg1 f5 27. Qg2 Bf6 28. g5 hxg5
29. Ng6 Rf7 30. fxg5 Bxd4 31. Rh1 Ne7 32. Bf4 e5 33. Rxd4 exf4 34. Nxf4 Qe5 35.
Rhd1 Re8 36. h6 g6 37. b4 Kh7 38. Qd2 Nd5 39. Nxd5 cxd5 40. Rxd5 Qe4+ 41. Ka1
f4 42. c6 f3 43. Rd7 Qe5+ 44. Kb1 Qe4+ 45. Qc2 Qxb4+ 46. Qb3 Qe4+ 47. Qc2 Qb4+
48. Qb3 1/2-1/2

[Event "POLFINALY MISTRZOSTW POLSKI JUNIOROW 2021 C-17"]
[Site "Jatrzebia Gora"]
[Date "1899-12-30"]
[Round "7.10"]
[White "Kalkowski, Igor"]
[Black "Galeziewski, Olaf"]
[Result "1-0"]
[WhiteTitle "I+"]
[BlackTitle "II"]
[WhiteElo "1839"]
[BlackElo "1607"]

1. Nf3 Nf6 2. g3 g6 3. Bg2 Bg7 4. O-O O-O 5. d4 d6 6. Re1 Nbd7 7. e4 e5 8. a4 Re8
9. a5 c6 10. dxe5 dxe5 11. Nbd2 Qc7 12. b3 Bf8 13. c3 Nc5 14. Qc2 Rd8 15. Bf1
Bg4 16. h3 Be6 17. b4 Ncd7 18. Ng5 Qd6 19. Nxe6 Qxe6 20. Nf3 h6 21. g4 c5 22.
b5 b6 23. a6 Rac8 24. Nd2 h5 25. Bc4 Qe7 26. g5 Ne8 27. Nf3 Nd6 28. Qb3 Nxc4 29.
Qxc4 Bg7 30. Be3 Nf8 31. Rad1 Rxd1 32. Rxd1 Ne6 33. Rd2 Rd8 34. Rxd8+ Qxd8 35.
Qd5 Qc7 36. Nd2 Nf4 37. Bxf4 exf4 38. c4 Qe5 39. Qxe5 Bxe5 40. Kg2 f6 41. h4 Kf7
42. Kf3 Ke6 43. Nb3 fxg5 44. hxg5 Bd6 45. Nc1 Ke5 46. Ne2 Be7 47. Nxf4 Bxg5 48.
Nxg6+ Kd4 49. e5 Kxc4 50. Ke4 Kb3 51. f4 Bd8 52. f5 h4 53. f6 h3 54. Kf3 h2 55.
Kg2 h1=Q+ 56. Kxh1 c4 57. f7 c3 58. f8=Q c2 59. Qf1 Kb2 60. e6 1-0

[Event "POLFINALY MISTRZOSTW POLSKI JUNIOROW 2021 C-17"]
[Site "Jatrzebia Gora"]
[Date "1899-12-30"]
[Round "7.11"]
[White "Kossowski, Pawel"]
[Black "Celebias, Filip"]
[Result "1-0"]
[WhiteTitle "I"]
[BlackTitle "II+"]
[WhiteElo "1761"]
[BlackElo "1534"]

1. e4 c5 2. Nf3 e6 3. d4 cxd4 4. Nxd4 Nc6 5. Nc3 Qc7 6. Be3 Nf6 7. Bd3 a6 8. O-O
b5 9. Kh1 Bb7 10. Nb3 Be7 11. f4 d6 12. Qf3 O-O 13. Rae1 Nb4 14. Qh3 d5 15. e5
Ne4 16. Bxe4 dxe4 17. Rf2 Bd5 18. Nxd5 exd5 19. a3 Nc6 20. Rd2 Rfd8 21. Red1 b4
22. a4 Na5 23. Nxa5 Qxa5 24. b3 Rab8 25. Qg4 Kh8 26. Qh5 g6 27. Qg4 Rb7 28. Bd4
Kg8 29. f5 Bf8 30. Rf2 Bg7 31. f6 Bf8 32. Qh3 Qc7 33. Re1 Qd7 34. Qh4 Rc8 35.
Re3 Rbc7 36. Ree2 Qe8 37. Qg5 Bc5 38. Bxc5 Rxc5 39. h4 h5 40. g4 hxg4 41. h5 R8c7
42. hxg6 fxg6 43. f7+ Rxf7 44. Qxg6+ Kf8 45. e6 Rxf2 46. Rxf2+ Ke7 47. Rf7+ Kd6
48. Rd7+ Qxd7 49. exd7+ Kxd7 50. Qxg4+ Kd6 51. Qg6+ Ke5 52. Qg7+ Ke6 53. Qg8+
Ke5 54. Qh8+ Ke6 55. Qe8+ Kd6 56. Qf8+ Kc6 57. Qc8+ Kd6 58. Qxa6+ 1-0

[Event "POLFINALY MISTRZOSTW POLSKI JUNIOROW 2021 C-17"]
[Site "Jatrzebia Gora"]
[Date "1899-12-30"]
[Round "7.12"]
[White "Jozefik, Aleksander"]
[Black "Dahche, Abdel-azziz"]
[Result "1-0"]
[WhiteTitle "I"]
[BlackTitle "I"]
[WhiteElo "1601"]
[BlackElo "1656"]

1. e4 e6 2. d4 d5 3. Nc3 Bb4 4. e5 c5 5. a3 Bxc3+ 6. bxc3 Ne7 7. h4 O-O 8. h5 h6
9. Qg4 Kh8 10. Rh3 Nbc6 11. Nf3 Nf5 12. Qf4 f6 13. g4 fxe5 14. Qh2 e4 15. Ne5
Nxe5 16. Qxe5 cxd4 17. gxf5 Rxf5 18. Qxd4 e5 19. Qc5 Rf7 20. Rg3 b6 21. Qc6 Bb7
22. Qg6 Qc7 23. Bxh6 gxh6 24. Qxh6+ Rh7 25. Qf6+ Rg7 26. h6 Rag8 27. hxg7+ Rxg7
28. Qxg7+ 1-0

[Event "POLFINALY MISTRZOSTW POLSKI JUNIOROW 2021 C-17"]
[Site "Jatrzebia Gora"]
[Date "1899-12-30"]
[Round "7.13"]
[White "Smuda, Tomasz"]
[Black "Kitewski, Bartosz"]
[Result "0-1"]
[WhiteTitle "I"]
[BlackTitle "I+"]
[WhiteElo "1529"]
[BlackElo "1946"]

1. e4 e6 2. d4 d5 3. exd5 exd5 4. Bd3 c5 5. Nf3 Nc6 6. dxc5 Bxc5 7. O-O h6 8. Re1+
Nge7 9. c3 O-O 10. Qc2 Bg4 11. Nbd2 Rc8 12. Qa4 Bf5 13. Bxf5 Nxf5 14. Nb3 Bb6
15. Qg4 Qf6 16. Bf4 Rfe8 17. Rad1 Rxe1+ 18. Rxe1 Rd8 19. Be5 Nxe5 20. Rxe5 g6
21. Qa4 Kg7 22. Re8 Nh4 23. Nbd4 Nxf3+ 24. Nxf3 Rd6 25. Qc2 Qf4 26. Qe2 Qc1+ 27.
Qe1 Qxb2 28. h4 Rf6 29. Qe7 Qxf2+ 30. Kh1 Bc5 31. Qd8 Qf1+ 32. Kh2 Bd6+ 33. g3
Bxg3+ 34. Kxg3 Rxf3+ 35. Kg4 Qg2# 0-1

[Event "POLFINALY MISTRZOSTW POLSKI JUNIOROW 2021 C-17"]
[Site "Jatrzebia Gora"]
[Date "1899-12-30"]
[Round "7.14"]
[White "Bekier, Piotr"]
[Black "Owoc, Jakub"]
[Result "1-0"]
[WhiteTitle "II"]
[BlackTitle "I"]
[WhiteElo "1293"]
[BlackElo "1751"]

1. d4 Nf6 2. c4 g6 3. Nc3 Bg7 4. e4 d6 5. f3 O-O 6. Be3 Nc6 7. Nge2 a6 8. Qd2 Na5
9. Nc1 Nd7 10. g4 c5 11. Be2 Nc6 12. d5 Nd4 13. Kf2 Ne5 14. Bh6 Bxh6 15. Qxh6
Bxg4 16. fxg4 Nxe2 17. Kxe2 Nxg4 18. Qg5 Ne5 19. b3 Qa5 20. Qd2 b5 21. Nd3 Nd7
22. Rhc1 bxc4 23. bxc4 f5 24. Qg5 Rae8 25. Nf4 Ne5 26. Ne6 Rf7 27. exf5 Rxf5 28.
Qh6 Rf7 29. Rc2 Ng4 30. Qh3 Ne5 31. Rf1 Qb4 32. Ne4 Rxf1 33. Qxf1 Qa3 34. Rc3
Qb2+ 35. Ke3 Qxh2 36. N4g5 Ng4+ 37. Kd3 Ne5+ 38. Ke3 Rb8 39. Nf3 Ng4+ 40. Kd3
Nf2+ 41. Ke3 Qg3 42. Qxf2 Qg4 43. Rb3 Re8 44. Rc3 Rb8 45. Rb3 Re8 46. Qh2 Qxc4
47. Qh6 Qc1+ 48. Nd2 Qa1 49. Ke2 Rc8 50. Ng5 Qh8 51. Rb7 Re8 52. Ndf3 a5 53. a4
c4 54. Kd2 Qg7 55. Qxg7+ Kxg7 56. Kc3 h6 57. Ne6+ Kf6 58. Rb5 g5 59. Rxa5 g4 60.
Nh4 Ke5 61. Kxc4 g3 62. Ra7 Rc8+ 63. Rc7 Rg8 64. Ng2 Ke4 65. Rxe7 Kf3 66. Nef4
Rc8+ 67. Kb3 Rh8 68. Rf7 Rb8+ 69. Ka3 h5 70. Rh7 Kg4 71. Rxh5 Kf3 72. Rh6 Rd8
73. a5 Kf2 74. Ka4 Kg1 75. a6 Rc8 76. a7 Rc2 77. Kb3 Rc8 78. Rxd6 Kh2 79. Ra6
Rh8 80. a8=Q Rh7 81. Qc8 Kg1 82. Ra1+ Kh2 83. Qh3+ Rxh3 84. Nxh3 Kxg2 85. Nf4+
Kf3 86. Rf1+ Ke4 87. d6 1-0

[Event "POLFINALY MISTRZOSTW POLSKI JUNIOROW 2021 C-17"]
[Site "Jatrzebia Gora"]
[Date "1899-12-30"]
[Round "7.15"]
[White "Zielinski, Sebastian"]
[Black "Mocko, Maciej"]
[Result "1/2-1/2"]
[WhiteTitle "II+"]
[BlackTitle "II"]
[WhiteElo "1579"]
[BlackElo "1527"]

1. e4 c5 2. Nf3 Nc6 3. Bb5 e6 4. O-O Nge7 5. Re1 a6 6. Bf1 g6 7. c3 Bg7 8. Na3
O-O 9. Nc2 d5 10. e5 d4 11. cxd4 Nxd4 12. Ncxd4 cxd4 13. d3 Nc6 14. g3 b5 15.
Bg2 Bb7 16. Nd2 Qc7 17. f4 Nb4 18. Bxb7 Qxb7 19. Qb3 Nd5 20. Ne4 Rfd8 21. Bd2
Bf8 22. Rac1 Rac8 23. a3 Rxc1 24. Rxc1 Rc8 25. Kf2 Rxc1 26. Bxc1 Qc6 27. Bd2 Be7
28. Qd1 b4 29. axb4 Nxb4 30. Bxb4 Bxb4 31. Qb3 Be7 32. Qc4 Qb6 33. b3 Kg7 34.
Qa4 Qc7 35. Qc4 Qa5 36. Qa4 Qc7 37. Qc4 Qa5 1/2-1/2

[Event "POLFINALY MISTRZOSTW POLSKI JUNIOROW 2021 C-17"]
[Site "Jatrzebia Gora"]
[Date "1899-12-30"]
[Round "7.16"]
[White "Pieczulis, Blazej"]
[Black "Bednarczyk, Mateusz"]
[Result "1-0"]
[WhiteTitle "I"]
[BlackTitle "I"]
[WhiteElo "1726"]
[BlackElo "1525"]

1. e4 c5 2. Nf3 d6 3. d4 cxd4 4. Nxd4 Nf6 5. Nc3 Nc6 6. Bg5 e6 7. Qd2 Be7 8. O-O-O
a6 9. Bxf6 gxf6 10. f4 Bd7 11. h3 Rc8 12. g4 b5 13. f5 e5 14. Nf3 Qa5 15. Kb1
Nd8 16. h4 Bc6 17. Qe3 Nb7 18. g5 b4 19. Nd5 Bxd5 20. Rxd5 Rc5 21. Rxc5 Qxc5 22.
Qd3 a5 23. b3 Qc6 24. Qb5 Kd7 25. Qxc6+ Kxc6 26. Bc4 Rf8 27. gxf6 Bxf6 28. Ng5
Bxg5 29. hxg5 Rg8 30. g6 hxg6 31. Bxf7 Rf8 32. fxg6 1-0

[Event "POLFINALY MISTRZOSTW POLSKI JUNIOROW 2021 C-17"]
[Site "Jatrzebia Gora"]
[Date "1899-12-30"]
[Round "7.17"]
[White "Falc, Pawel"]
[Black "Wojciechowski, Franciszek"]
[Result "1-0"]
[WhiteTitle "II+"]
[BlackTitle "I"]
[WhiteElo "1493"]
[BlackElo "1716"]

1. e4 e6 2. d4 d5 3. exd5 exd5 4. Bd3 Bd6 5. Nc3 Nf6 6. Bg5 c6 7. Qf3 Nbd7 8. Nge2
O-O 9. O-O-O b5 10. Ng3 Qa5 11. Kb1 Rb8 12. Nf5 Bc7 13. Ne7+ Kh8 14. Nxc6 Qb6
15. Nxb8 Bxb8 16. Nxd5 Qxd4 17. Nxf6 Nxf6 18. Bxf6 1-0

[Event "POLFINALY MISTRZOSTW POLSKI JUNIOROW 2021 C-17"]
[Site "Jatrzebia Gora"]
[Date "1899-12-30"]
[Round "7.18"]
[White "Jedrzejczak, Michal"]
[Black "Kopestynski, Michal"]
[Result "1-0"]
[WhiteTitle "II"]
[BlackTitle "I"]
[WhiteElo "1448"]
[BlackElo "1604"]

1. e4 c5 2. Nc3 Nc6 3. g3 g6 4. d3 Bg7 5. Bg2 e5 6. Nge2 Nge7 7. Be3 d6 8. O-O
O-O 9. Qd2 Be6 10. Nd5 Nd4 11. Nxe7+ Qxe7 12. c3 Nxe2+ 13. Qxe2 f5 14. exf5 gxf5
15. f4 Rae8 16. Qf3 b6 17. Rfe1 Qf7 18. Bd2 c4 19. dxc4 e4 20. Qf2 Bxc4 21. Be3
Rd8 22. Bd4 d5 23. Red1 Qc7 24. Bf1 Bxd4 25. Rxd4 Rfe8 26. Bxc4 dxc4 27. Re1 Qc5
28. Rxd8 Qxf2+ 29. Kxf2 Rxd8 30. g4 Rd2+ 31. Re2 Rxe2+ 32. Kxe2 Kf7 33. b3 cxb3
34. axb3 a5 35. c4 Kf6 36. gxf5 Kxf5 37. Ke3 h6 38. h3 h5 39. h4 Kg4 40. Kxe4
Kxh4 41. f5 Kg5 42. Ke5 h4 43. f6 1-0

[Event "POLFINALY MISTRZOSTW POLSKI JUNIOROW 2021 C-17"]
[Site "Jatrzebia Gora"]
[Date "1899-12-30"]
[Round "7.19"]
[White "Wolny, Dawid"]
[Black "Labedz, Dawid"]
[Result "1-0"]
[WhiteTitle "II"]
[BlackTitle "II+"]
[WhiteElo "1433"]
[BlackElo "1542"]

1. e4 c5 2. Nf3 Nc6 3. d4 cxd4 4. Nxd4 Qb6 5. Nb3 Nf6 6. Nc3 e6 7. Be3 Qc7 8. Bd3
a6 9. O-O b5 10. a3 Be7 11. f4 d6 12. Qe2 Bb7 13. Rae1 O-O 14. g4 b4 15. axb4
Nxb4 16. g5 Nd7 17. h4 Nxd3 18. cxd3 Rab8 19. Nd4 Ba8 20. f5 exf5 21. Nxf5 Nc5
22. Bd4 Ne6 23. Be3 Kh8 24. Nd5 Bxd5 25. exd5 Qb7 26. dxe6 fxe6 27. Nxe7 Qxe7
28. Rxf8+ Rxf8 29. Rf1 Rb8 30. Bd4 Rb4 31. Qf3 h6 32. Qa8+ Kh7 33. g6+ Kxg6 34.
Qe4+ Kh5 35. Rf5+ g5 36. Qf3+ Kg6 37. Rf6+ 1-0

[Event "POLFINALY MISTRZOSTW POLSKI JUNIOROW 2021 C-17"]
[Site "Jatrzebia Gora"]
[Date "1899-12-30"]
[Round "7.20"]
[White "Nowak, Maciej"]
[Black "Komisarski, Jerzy"]
[Result "1-0"]
[WhiteTitle "II"]
[BlackTitle "II"]
[WhiteElo "1537"]
[BlackElo "1258"]

1. d4 d5 2. c4 e6 3. Nc3 a6 4. cxd5 exd5 5. Nf3 c6 6. Qc2 Bd6 7. Bg5 Ne7 8. e3
f6 9. Bh4 Bf5 10. Bd3 Bxd3 11. Qxd3 Nd7 12. Bg3 Nb6 13. Nd2 O-O 14. Rb1 f5 15.
Bxd6 Qxd6 16. f4 Rae8 17. O-O Rf6 18. Nf3 Rh6 19. Ne5 Qf6 20. Rf3 Nbc8 21. b4
Nd6 22. a4 Ne4 23. Qc2 Ng6 24. Nxe4 fxe4 25. Ng4 Qh4 26. Nxh6+ Qxh6 27. Rh3 Nh4
28. Qf2 Nf3+ 29. Kh1 Qe6 30. Rd1 Rf8 31. Qg3 Rf6 32. gxf3 Rg6 33. Qh4 Rh6 34.
Qd8+ 1-0

[Event "POLFINALY MISTRZOSTW POLSKI JUNIOROW 2021 C-17"]
[Site "Jatrzebia Gora"]
[Date "1899-12-30"]
[Round "7.21"]
[White "Majdanski, Maksymilian"]
[Black "Chybalski, Piotr"]
[Result "0-1"]
[WhiteTitle "I++"]
[BlackTitle "II"]
[WhiteElo "1914"]
[BlackElo "1377"]

1. Nf3 c6 2. b3 Nf6 3. Bb2 d5 4. e3 Bg4 5. Be2 Nbd7 6. c4 Rc8 7. O-O h5 8. cxd5
cxd5 9. Nc3 a6 10. Rc1 e6 11. d3 Be7 12. a3 O-O 13. h3 Bxf3 14. Bxf3 h4 15. Re1
Bd6 16. d4 Qe7 17. Ra1 Rfd8 18. e4 dxe4 19. Bxe4 Nxe4 20. Rxe4 Nf8 21. d5 f5 22.
Re1 Qg5 23. Qf3 e5 24. Nd1 Ng6 25. Kh1 Rc2 26. Qe3 Nf4 27. Rg1 Bc5 28. Qxe5 Rxd5
29. Qe8+ Kh7 30. Rc1 Rxd1 31. Rcxd1 Rxb2 32. Rd8 Rb1 33. Qg8+ Kh6 34. Qh8+ Kg6
35. g4 Rxg1+ 36. Kxg1 Nxh3+ 37. Kf1 Qc1+ 38. Ke2 Qc2+ 39. Ke1 Qxf2+ 40. Kd1 Qf3+
41. Kc1 Qc3+ 42. Kd1 Nf2+ 43. Ke2 Qe3+ 44. Kf1 Qc1+ 45. Ke2 Qe3+ 46. Kf1 Qh3+
47. Ke1 Qh1+ 48. Ke2 Qe4+ 49. Kf1 Nxg4 50. Qe8+ Qxe8 51. Rxe8 h3 52. b4 Be3 53.
Rb8 b6 54. a4 a5 55. bxa5 bxa5 56. Ra8 Bd2 57. Kg1 Kg5 58. Rd8 Bf4 59. Rd5 h2+
60. Kg2 Ne3+ 0-1

[Event "POLFINALY MISTRZOSTW POLSKI JUNIOROW 2021 C-17"]
[Site "Jatrzebia Gora"]
[Date "1899-12-30"]
[Round "7.22"]
[White "Szafranski, Maciej"]
[Black "Wleklik, Mateusz"]
[Result "1/2-1/2"]
[WhiteTitle "II+"]
[BlackTitle "II"]
[WhiteElo "1596"]
[BlackElo "1341"]

1. e4 c5 2. Nf3 e6 3. d4 cxd4 4. Nxd4 Nc6 5. Nc3 Qc7 6. a3 a6 7. Nb3 Nf6 8. Be2
Be7 9. O-O O-O 10. Be3 b5 11. f4 d6 12. Kh1 Rd8 13. Bf3 Bb7 14. Qe2 Bf8 15. Rad1
Rac8 16. Qf2 Nd7 17. Rd2 Na5 18. Nxa5 Qxa5 19. Nb1 Qc7 20. Nc3 Nc5 21. Rfd1 Be7
22. Bd4 Nd7 23. f5 Bf6 24. fxe6 fxe6 25. Bg4 e5 26. Be3 Rf8 27. Qg3 Be7 28. Bf5
Rcd8 29. Bh6 Bf6 30. Rxd6 Nc5 31. Rxd8 Rxd8 32. Rxd8+ Qxd8 33. Be3 Qd6 34. Qf2
Ne6 35. Bxe6+ Qxe6 36. Qd2 h6 37. Nd5 Qf7 38. Kg1 Bd8 39. b3 Qf8 40. b4 1/2-1/2

[Event "POLFINALY MISTRZOSTW POLSKI JUNIOROW 2021 C-17"]
[Site "Jatrzebia Gora"]
[Date "1899-12-30"]
[Round "7.23"]
[White "Wolcyrz, Jakub"]
[Black "Mazonik, Oliwier"]
[Result "1-0"]
[WhiteTitle "II"]
[BlackTitle "II"]
[WhiteElo "1350"]
[BlackElo "1432"]

1. Nf3 Nf6 2. e3 b6 3. c4 e6 4. Nc3 Bb7 5. d4 d5 6. Be2 Be7 7. O-O O-O 8. b3 dxc4
9. bxc4 c5 10. Qc2 h6 11. Rd1 Qc8 12. d5 exd5 13. cxd5 Rd8 14. e4 Ne8 15. Bb2
f6 16. Nh4 Bd6 17. Nf5 Nc7 18. Bg4 Kh8 19. Nxd6 Qxg4 20. Nf7+ 1-0

[Event "POLFINALY MISTRZOSTW POLSKI JUNIOROW 2021 C-17"]
[Site "Jatrzebia Gora"]
[Date "1899-12-30"]
[Round "7.24"]
[White "Trela, Konrad"]
[Black "Przybysz, Krzysztof"]
[Result "1-0"]
[WhiteTitle "II"]
[BlackTitle "II"]
[WhiteElo "1453"]
[BlackElo "1133"]

1. e4 c5 2. Nf3 g6 3. d4 cxd4 4. Nxd4 Nc6 5. Ne2 Nf6 6. Nbc3 Bg7 7. g3 O-O 8. Bg2
d6 9. h3 Bd7 10. O-O Rc8 11. Be3 Qa5 12. f4 Ne8 13. g4 Be6 14. Nd4 Bc4 15. Rf2
Nxd4 16. Bxd4 e5 17. fxe5 dxe5 18. Be3 Nc7 19. Qf3 Rcd8 20. Bf1 Be6 21. a3 Ne8
22. b4 Qc7 23. Nb5 Qd7 24. Bc5 a6 25. Bxf8 Bxf8 26. Nc3 Qe7 27. Rd1 Rc8 28. Nd5
Bxd5 29. exd5 f6 30. c4 a5 31. c5 axb4 32. axb4 b6 33. Bc4 Kg7 34. d6 Qd7 35.
Qd5 bxc5 36. Qg8+ Kh6 37. Qxf8+ Ng7 38. Qxf6 cxb4 39. g5+ Kh5 40. Be2+ Kh4 41.
Rd4+ 1-0

[Event "POLFINALY MISTRZOSTW POLSKI JUNIOROW 2021 C-17"]
[Site "Jatrzebia Gora"]
[Date "1899-12-30"]
[Round "7.25"]
[White "Sliwa, Krzysztof"]
[Black "Bujnowski, Adam"]
[Result "1-0"]
[WhiteTitle "II"]
[BlackTitle "III"]
[WhiteElo "1212"]
[BlackElo "1176"]

1. e4 c5 2. Nf3 e6 3. d4 cxd4 4. Nxd4 Nc6 5. Nc3 a6 6. Be3 Qc7 7. f3 d6 8. Qd2
Nf6 9. Be2 Be7 10. Nb3 b5 11. a3 Ne5 12. O-O Bb7 13. Rad1 Nc4 14. Bxc4 bxc4 15.
Nd4 O-O 16. g4 Rfd8 17. Qf2 Rab8 18. g5 Nh5 19. Qh4 g6 20. f4 Qb6 21. Na4 Qa5
22. Nc3 Bc8 23. Nc6 Qc7 24. Nxb8 Qxb8 25. Bc1 f5 26. exf5 exf5 27. Nd5 Bf8 28.
Rfe1 Bg7 29. Nf6+ Kf7 30. Nxh5 gxh5 31. g6+ hxg6 32. Qe7+ Kg8 33. Qxd8+ Bf8 34.
Re8 Qa7+ 35. Be3 Qg7 36. Qxc8 g5 37. Rxf8+ Kh7 38. Qxf5+ Kh6 39. Rf6+ Qg6 40.
Qxg6# 1-0

[Event "POLFINALY MISTRZOSTW POLSKI JUNIOROW 2021 C-17"]
[Site "Jatrzebia Gora"]
[Date "1899-12-30"]
[Round "8.1"]
[White "Zabron, Maksym"]
[Black "Kietrys, Maciej"]
[Result "1/2-1/2"]
[WhiteTitle "I++"]
[BlackTitle "I"]
[WhiteElo "1896"]
[BlackElo "1860"]

1. d4 d5 2. c4 c6 3. Nf3 Nf6 4. Qc2 g6 5. g3 Bg7 6. Bg2 O-O 7. O-O Na6 8. Bd2 Ne4
9. cxd5 Nxd2 10. Qxd2 cxd5 11. Nc3 Nc7 12. b4 Qd6 13. Qb2 Bd7 14. e3 Rac8 15.
Rfc1 Nb5 16. a4 Nxc3 17. Rxc3 Rxc3 18. Qxc3 Rc8 19. Qd2 Rc4 20. b5 Qb4 21. Qxb4
Rxb4 22. Ne1 e6 23. Nd3 Rc4 24. Rc1 Rxc1+ 25. Nxc1 Kf8 26. Nb3 Ke7 27. Nc5 b6
28. Nxd7 Kxd7 29. Kf1 Kd6 30. Ke2 f6 31. Kd3 e5 32. Ke4 1/2-1/2

[Event "POLFINALY MISTRZOSTW POLSKI JUNIOROW 2021 C-17"]
[Site "Jatrzebia Gora"]
[Date "1899-12-30"]
[Round "8.2"]
[White "Kaliszuk, Kamil"]
[Black "Topola, Rafal"]
[Result "1-0"]
[WhiteTitle "I+"]
[BlackTitle "I"]
[WhiteElo "1830"]
[BlackElo "1961"]

1. e4 c6 2. d4 d5 3. e5 c5 4. dxc5 e6 5. a3 Bxc5 6. Nf3 Ne7 7. b4 Bb6 8. Bd3 a5
9. b5 a4 10. O-O Nd7 11. Bd2 Ng6 12. Qe2 Qc7 13. Re1 Nc5 14. h4 Ne7 15. Nc3 Bd7
16. Rab1 Nxd3 17. cxd3 Bc5 18. Qd1 Bxa3 19. Nxa4 Nc8 20. Qb3 Be7 21. Rec1 Qb8
22. Nc5 Nb6 23. Bb4 Bc8 24. h5 h6 25. Ra1 Bd8 26. Na4 Nxa4 27. Rxa4 Rxa4 28. Qxa4
Be7 29. b6+ Bd7 30. Qa7 Qd8 31. Bxe7 Kxe7 32. Qxb7 Qb8 33. Qa6 Qa8 34. Qa1 Qxa1
35. Rxa1 Rb8 36. Rb1 f6 37. Kf1 Be8 38. g4 Rb7 39. Ke1 f5 40. gxf5 Bxh5 41. Nd4
Be8 42. Nxe6 Bd7 43. Nc5 Rb8 44. e6 Bc6 45. d4 Kf6 46. b7 Kxf5 47. Rb6 Bxb7 48.
e7 Re8 49. Rxb7 g5 50. Rd7 Kf6 51. Rd6+ Kxe7 52. Rxh6 Rf8 53. Re6+ 1-0

[Event "POLFINALY MISTRZOSTW POLSKI JUNIOROW 2021 C-17"]
[Site "Jatrzebia Gora"]
[Date "1899-12-30"]
[Round "8.3"]
[White "Ciborowski, Konrad Jr"]
[Black "Borkowski, Szymon"]
[Result "1-0"]
[WhiteTitle "I++"]
[BlackTitle "I"]
[WhiteElo "1871"]
[BlackElo "1696"]

1. d4 Nf6 2. Nc3 d5 3. Bf4 c5 4. dxc5 Nc6 5. Nf3 e6 6. e3 a6 7. Na4 Ne4 8. Nb6
Ra7 9. Nd2 Nxd2 10. Qxd2 Bxc5 11. Nxc8 Qxc8 12. Be2 O-O 13. O-O h6 14. c3 Ne7
15. Rfc1 Rd8 16. Be5 Nf5 17. Bd3 Nd6 18. Qe2 b5 19. Qg4 Ne8 20. a4 Qd7 21. axb5
axb5 22. Rxa7 Bxa7 23. Qb4 Nd6 24. Ra1 Nc4 25. Bg3 Bb8 26. b3 Bxg3 27. hxg3 Nd6
28. Ra6 Qc7 29. Qd4 Rb8 30. Ra7 Rb7 31. Rxb7 Qxb7 32. Qb4 Qc6 33. Qd4 Qa6 34.
Qc5 g6 35. Kh2 Kg7 36. Qd4+ Kh7 37. e4 dxe4 38. Bxe4 Nxe4 39. Qxe4 Kg7 40. Qd4+
Kg8 41. c4 bxc4 42. bxc4 Qc6 43. c5 Kf8 44. g4 Ke7 45. g3 Qd5 46. Qb4 Qc6 47.
Qc3 Qc7 48. Qb4 Qc6 49. Kg1 Kd7 50. Kf1 Qa6+ 51. Ke1 Kc6 52. Qc3 Qb5 53. Qf3+
Kxc5 54. Qxf7 Qb1+ 55. Kd2 Qb2+ 56. Ke3 Qc3+ 57. Ke4 Qd4+ 58. Kf3 Qd3+ 59. Kg2
Qe4+ 60. Kh2 Qxg4 61. Qf8+ Kd5 62. Qxh6 Ke4 63. Qe3+ Kd5 64. f3 Qh5+ 65. Kg2 Qf5
66. Qd2+ Ke5 67. g4 Qf4 68. Qc3+ Kd5 69. Qb3+ Qc4 70. Qb7+ Kd6 71. Qb8+ Kd5 72.
Qd8+ Kc5 73. Kg3 e5 74. Qc7+ Kd4 75. Qd6+ Qd5 76. Qxg6 Qc5 77. Qe4+ Kc3 78. Qe1+
Kd3 79. Qd1+ Ke3 80. Qg1+ 1-0

[Event "POLFINALY MISTRZOSTW POLSKI JUNIOROW 2021 C-17"]
[Site "Jatrzebia Gora"]
[Date "1899-12-30"]
[Round "8.4"]
[White "Ullrich, Karol"]
[Black "Kasprzak, Lukasz"]
[Result "1/2-1/2"]
[WhiteTitle "II+"]
[BlackTitle "II+"]
[WhiteElo "1605"]
[BlackElo "1758"]

1. e4 c6 2. d4 d5 3. Nc3 dxe4 4. Nxe4 Bf5 5. Ng3 Bg6 6. Nf3 Nd7 7. Bd3 Bxd3 8.
Qxd3 Ngf6 9. O-O e6 10. Re1 Be7 11. c4 O-O 12. Bf4 Re8 13. Rad1 Qa5 14. a3 b5
15. cxb5 cxb5 16. Ne4 Nxe4 17. Rxe4 Nf6 18. Bd2 Qa4 19. Ree1 Nd5 20. Rc1 Rec8
21. Bg5 Bd6 22. Bd2 h6 23. Ne5 Bxe5 24. Rxc8+ Rxc8 25. Rxe5 Qc2 26. Qe2 Kh7 27.
Be1 Rc4 28. Qf3 Kg8 29. Re2 Qb1 30. Qg3 a6 31. Qb8+ Kh7 32. Qe5 Qd3 33. Rd2 Qb1
1/2-1/2

[Event "POLFINALY MISTRZOSTW POLSKI JUNIOROW 2021 C-17"]
[Site "Jatrzebia Gora"]
[Date "1899-12-30"]
[Round "8.5"]
[White "Haliniak, Wojciech"]
[Black "Stachecki, Mikolaj"]
[Result "1-0"]
[WhiteTitle "I"]
[BlackTitle "I+"]
[WhiteElo "1827"]
[BlackElo "1899"]

1. e4 c5 2. Nf3 d6 3. d4 cxd4 4. Nxd4 Nf6 5. f3 e5 6. Nb3 Be7 7. c4 a5 8. Be3 a4
9. N3d2 Qa5 10. Bd3 O-O 11. Nc3 Bd8 12. Ke2 Nc6 13. Re1 a3 14. Nb3 Qb4 15. Nd5
Nxd5 16. cxd5 axb2 17. Rb1 Nd4+ 18. Bxd4 exd4 19. Rxb2 Bg5 20. Qb1 b5 21. Nd2
Qa3 22. Bxb5 Bxd2 23. Rxd2 Rb8 24. Qd3 Qa7 25. a4 f5 26. Qxd4 Qe7 27. Kf1 Qh4
28. e5 Qxh2 29. e6 f4 30. e7 Qh1+ 31. Qg1 1-0